| 000 | 00875nam a2200241 i 4500 | ||
|---|---|---|---|
| 001 | 188574 | ||
| 003 | ES-MaACL | ||
| 005 | 20250818131152.0 | ||
| 007 | t| | ||
| 008 | 181221s1979 sp bf 00110dspa d | ||
| 100 | 1 |
_aLópez Vela, Roberto. _9165831 |
|
| 245 | 1 | 4 |
_aLos Austrias / _cRoberto López Vela. |
| 260 |
_a[Madrid] : _bCírculo de Amigos de la Historia, _c[1979] |
||
| 300 |
_a347 p., [16] p. de lám. : _bmapas ; _c21 cm. |
||
| 490 | 1 |
_aHistoria de España [dirigida por Florentino Pérez-Embid] ; _v9 |
|
| 504 | _aBibliografía: p. [345]-347. | ||
| 651 | 4 |
_aEspaña- _xHistoria- _y1516-1700, Casa de Austria _98228 |
|
| 700 | 1 |
_aPérez-Embid, Florentino, _d1918-1974 _990840 |
|
| 700 | 2 |
_a _9241918 |
|
| 830 | 1 |
_aHistoria de España [dirigida por Florentino Pérez-Embid] ; _v9 _9184626 |
|
| 852 |
_aES-MaACL _jP-177-6 |
||
| 999 |
_c188574 _d188574 |
||